| 000 | 00354nam a22001217a 4500 | ||
|---|---|---|---|
| 008 | 160613b xxu||||| |||| 00| 0 eng d | ||
| 020 | _a9780323032094 | ||
| 020 | _a0323032095 | ||
| 041 | _aeng | ||
| 080 | _a618.2 | ||
| 245 |
_aFoundations of nursing in the community / Community-Oriented practice: _cMarcia Stanhope; Jeanette Lancaster; |
||
| 942 |
_2udc _cBK |
||
| 999 |
_c2450 _d2450 |
||